Network security (Record no. 153)
[ view plain ]
| 000 -LEADER | |
|---|---|
| Fixed length control field | 00503nam a2200181 4500 |
| 003 - CONTROL NUMBER IDENTIFIER | |
| Control field | SEACOMEC |
| 005 - DATE AND TIME OF LATEST TRANSACTION | |
| Control field | 20241118155224.0 |
| 008 - FIXED-LENGTH DATA ELEMENTS--GENERAL INFORMATION | |
| Fixed length control field | 231006b |||||||| |||| 00| 0 eng d |
| 020 ## - INTERNATIONAL STANDARD BOOK NUMBER / ISBN | |
| International Standard Book Number | 9780080455372 |
| Price | 395.00 |
| 040 ## - CATALOGING SOURCE | |
| Original cataloging agency | SEACOMEC |
| 082 ## - DEWEY DECIMAL CLASSIFICATION NUMBER | |
| Classification number | 005.8 |
| Book Number | H299 |
| 100 1# - MAIN ENTRY--PERSONAL NAME | |
| Personal name | Harrington Jan L. |
| 245 1# - TITLE STATEMENT | |
| Title | Network security |
| Sub title | a practical approach |
| Statement of responsibility | Harrington, Jan L. |
| 260 ## - IMPRINT | |
| Place of publication | New Delhi |
| Name of publisher | Elsevier |
| Date of publication | 2006 |
| 650 ## - SUBJECT ADDED ENTRY--TOPICAL TERM | |
| Topical term | Computer programming, programs, data |
| 650 ## - SUBJECT ADDED ENTRY--TOPICAL TERM | |
| Topical term | Data security |
| 942 ## - ADDED ENTRY ELEMENTS (KOHA) | |
| Koha item type | Books |
| Withdrawn status | Lost status | Source of classification | Damaged status | Not for loan | Home library | Current library | Date acquired | Total Checkouts | Call number | Accession number | Date last seen | Price effective from | Koha item type | Copy number |
|---|---|---|---|---|---|---|---|---|---|---|---|---|---|---|
| Dewey Decimal Classification | SEACOM ENGINEERING COLLEGE | SEACOM ENGINEERING COLLEGE | 16/04/2024 | 005.8 H299 | 5121 | 16/04/2024 | 16/04/2024 | Books | ||||||
| Dewey Decimal Classification | SEACOM ENGINEERING COLLEGE | SEACOM ENGINEERING COLLEGE | 16/04/2024 | 005.8 H299 | 7567 | 16/04/2024 | 16/04/2024 | Books | 1 | |||||
| Dewey Decimal Classification | SEACOM ENGINEERING COLLEGE | SEACOM ENGINEERING COLLEGE | 16/04/2024 | 005.8 H299 | 7568 | 16/04/2024 | 16/04/2024 | Books | 2 |
